[Event "CZE-chT2C 1314"]
[Site "Czech Republic"]
[Date "2014.04.06"]
[Round "11.4"]
[White "Hora, Milan"]
[Black "Vecerka, Pavel"]
[Result "1-0"]
[WhiteElo "2133"]
[BlackElo "2094"]
[PlyCount "73"]
[EventDate "2013.11.03"]
[EventType "team-tourn"]
[EventRounds "11"]
[EventCountry "CZE"]
[SourceTitle "EXT 2015"]
[Source "ChessBase"]
[SourceDate "2014.11.20"]
[SourceVersion "1"]
[SourceVersionDate "2014.11.20"]
[SourceQuality "1"]
[WhiteTeam "Kolin"]
[BlackTeam "Postovni sporitelna III"]
[WhiteTeamCountry "CZE"]
[BlackTeamCountry "CZE"]

1. d4 d5 2. Nf3 Nf6 3. c4 c6 4. Nc3 Bf5 5. Qb3 Qb6 6. c5 Qxb3 7. axb3 e6 8. Bf4 a6 9. b4 Be7 10. e3 0-0 11. b5 cxb5 12. Bxb5 Nbd7 13. Be2 Rac8 14. h3 Bd8 15. b4 Bc7 16. Bxc7 Rxc7 17. 0-0 Ne4 18. Nxe4 Bxe4 19. Nd2 Bg6 20. b5 axb5 21. Bxb5 Rfc8 22. Ra7 Nb8 23. Rfa1 Kf8 24. Ra8 Nc6 25. Rxc8+ Rxc8 26. Bxc6 bxc6 27. Ra7 Bd3 28. g4 Bb5 29. Nf3 f6 30. Kg2 Be2 31. h4 h6 32. g5 hxg5 33. hxg5 Re8 34. Rc7 Bb5 35. Nh4 Kg8 36. gxf6 gxf6 37. Ng6 1-0

[Event "CZE-chT2A 1314"]
[Site "Czech Republic"]
[Date "2014.02.16"]
[Round "8.6"]
[White "Vecerka, Pavel"]
[Black "Jares, Jiri"]
[Result "1/2-1/2"]
[WhiteElo "2094"]
[BlackElo "2007"]
[PlyCount "62"]
[EventDate "2013.11.03"]
[EventType "team-tourn"]
[EventRounds "11"]
[EventCountry "CZE"]
[SourceTitle "EXT 2015"]
[Source "ChessBase"]
[SourceDate "2014.11.20"]
[SourceVersion "1"]
[SourceVersionDate "2014.11.20"]
[SourceQuality "1"]
[WhiteTeam "Postovni sporitelna II"]
[BlackTeam "Pisek"]
[WhiteTeamCountry "CZE"]
[BlackTeamCountry "CZE"]

1. d4 Nf6 2. Nf3 g6 3. c4 Bg7 4. Nc3 d6 5. Bf4 c6 6. h3 Nbd7 7. e3 Qa5 8. Be2 Ne4 9. Qc2 Nxc3 10. bxc3 0-0 11. 0-0 c5 12. Rab1 e5 13. Bg5 f6 14. Bh4 Re8 15. e4 Nf8 16. Bd3 Ne6 17. Bg3 Bh6 18. Rfe1 Re7 19. Bf1 Rf7 20. dxc5 dxc5 21. Rbd1 Bd7 22. Rd6 Bf8 23. Rd3 Bc6 24. Nd2 Rd8 25. Nb3 Qc7 26. Rxd8 Qxd8 27. Be2 Ba4 28. Bg4 Ng7 29. Bf3 Rd7 30. Bg4 Rd6 31. Qb2 Bxb3 1/2-1/2

[Event "CZE-chT2C 1314"]
[Site "Czech Republic"]
[Date "2013.11.03"]
[Round "1.5"]
[White "Horak, Karel Jr"]
[Black "Vecerka, Pavel"]
[Result "1-0"]
[WhiteElo "2097"]
[BlackElo "2094"]
[PlyCount "29"]
[EventDate "2013.11.03"]
[EventType "team-tourn"]
[EventRounds "11"]
[EventCountry "CZE"]
[SourceTitle "EXT 2015"]
[Source "ChessBase"]
[SourceDate "2014.11.20"]
[SourceVersion "1"]
[SourceVersionDate "2014.11.20"]
[SourceQuality "1"]
[WhiteTeam "Vysehrad III"]
[BlackTeam "Postovni sporitelna III"]
[WhiteTeamCountry "CZE"]
[BlackTeamCountry "CZE"]

1. e4 c5 2. Nf3 Nc6 3. d4 cxd4 4. Nxd4 Qb6 5. Be3 Qxb2 6. Bc4 e5 7. Nb3 Nd4 8. Bxd4 exd4 9. 0-0 Nh6 10. f3 Be7 11. Rf2 0-0 12. a3 d3 13. c3 Bc5 14. Nxc5 Qxa1 15. Nb3 1-0

[Event "CZE-chT1W 1112"]
[Site "Czech Republic"]
[Date "2012.03.18"]
[Round "10.7"]
[White "Vecerka, Pavel"]
[Black "Fajman, Petr"]
[Result "0-1"]
[WhiteElo "2091"]
[BlackElo "2269"]
[PlyCount "56"]
[EventDate "2011.10.02"]
[EventType "team-tourn"]
[EventRounds "11"]
[EventCountry "CZE"]
[SourceTitle "EXT 2013"]
[Source "ChessBase"]
[SourceDate "2012.11.22"]
[SourceVersion "1"]
[SourceVersionDate "2012.11.22"]
[SourceQuality "1"]
[WhiteTeam "Postovni sporitelna II"]
[BlackTeam "Praha Mahrla"]
[WhiteTeamCountry "CZE"]
[BlackTeamCountry "CZE"]

1. d4 f5 2. Nf3 Nf6 3. c4 g6 4. Nc3 Bg7 5. Bg5 d6 6. Bxf6 Bxf6 7. e3 0-0 8. Qb3 c6 9. Be2 Kh8 10. 0-0 Nd7 11. Rfd1 Qe8 12. Qa3 g5 13. Nd2 Bg7 14. Nf1 Nf6 15. Rac1 Qg6 16. Bd3 Qh6 17. b4 f4 18. Qb2 Ng4 19. Be2 fxe3 20. f3 Nf2 21. Nxe3 Nxd1 22. Rxd1 g4 23. Qd2 gxf3 24. Bxf3 Bd7 25. Qd3 Rf7 26. b5 Rg8 27. bxc6 bxc6 28. Be4 Rb8 0-1

[Event "CZE-chT1W 1112"]
[Site "Czech Republic"]
[Date "2011.11.13"]
[Round "3.7"]
[White "Vecerka, Pavel"]
[Black "Vacek, Martin"]
[Result "1/2-1/2"]
[WhiteElo "2091"]
[BlackElo "2259"]
[PlyCount "106"]
[EventDate "2011.10.02"]
[EventType "team-tourn"]
[EventRounds "11"]
[EventCountry "CZE"]
[SourceTitle "EXT 2012"]
[Source "ChessBase"]
[SourceDate "2011.11.24"]
[SourceVersion "1"]
[SourceVersionDate "2011.11.24"]
[SourceQuality "1"]
[WhiteTeam "Postovni sporitelna II"]
[BlackTeam "Hradec Kralove"]
[WhiteTeamCountry "CZE"]
[BlackTeamCountry "CZE"]

1. d4 Nf6 2. Nf3 c5 3. d5 d6 4. Nc3 g6 5. e4 Bg7 6. Bb5+ Bd7 7. Be2 0-0 8. 0-0 b5 9. e5 dxe5 10. Nxe5 b4 11. Nb1 Ne8 12. Nc4 Bb5 13. Ne3 Bxe2 14. Qxe2 Nd6 15. Nd2 Nd7 16. Ndc4 a5 17. Rb1 a4 18. Bd2 Qc7 19. Rfe1 Rfe8 20. Rbd1 Nb6 21. Bc1 Rad8 22. Nxb6 Qxb6 23. Qf3 c4 24. Ng4 Nf5 25. Ne5 Bxe5 26. Rxe5 Nd6 27. Be3 Qc7 28. Bd4 Nb5 29. Qe3 Nxd4 30. Rxd4 Rd6 31. h4 Rb6 32. Rxc4 Qxc4 33. Qxb6 Qxc2 34. Qxb4 Rc8 35. Rxe7 Qd1+ 36. Qe1 Rc1 37. Qxd1 Rxd1+ 38. Kh2 Rxd5 39. Kg3 Rd4 40. f3 Kg7 41. Re4 Rd2 42. Rxa4 Rxb2 43. Ra8 h5 44. a4 Ra2 45. a5 Kf6 46. Ra7 Ra4 47. Kh3 Ra3 48. Kg3 Ra4 49. a6 Ke6 50. Ra8 Kf5 51. a7 Ra2 52. Kh3 Kf4 53. Kh2 Ra1 1/2-1/2

[Event "CZE-chT1W 1112"]
[Site "Czech Republic"]
[Date "2011.10.30"]
[Round "2.7"]
[White "Kovar, Vojtech"]
[Black "Vecerka, Pavel"]
[Result "1-0"]
[WhiteElo "2308"]
[BlackElo "2091"]
[PlyCount "97"]
[EventDate "2011.10.02"]
[EventType "team-tourn"]
[EventRounds "11"]
[EventCountry "CZE"]
[SourceTitle "EXT 2012"]
[Source "ChessBase"]
[SourceDate "2011.11.24"]
[SourceVersion "1"]
[SourceVersionDate "2011.11.24"]
[SourceQuality "1"]
[WhiteTeam "Postovni sporitelna"]
[BlackTeam "Postovni sporitelna II"]
[WhiteTeamCountry "CZE"]
[BlackTeamCountry "CZE"]

1. d4 d5 2. c4 c6 3. Nf3 Nf6 4. Nc3 e6 5. Bg5 Nbd7 6. e3 Bd6 7. cxd5 exd5 8. Bd3 0-0 9. Qc2 h6 10. Bh4 Re8 11. 0-0 Nf8 12. Rab1 Bg4 13. Nd2 Bh5 14. b4 Rc8 15. Bg3 Bxg3 16. hxg3 Bg6 17. Na4 Qe7 18. Nc5 Bxd3 19. Nxd3 Ng4 20. Nf3 Nd7 21. Rfc1 Nb6 22. Qe2 Nf6 23. Nfe5 Ne4 24. Nc5 Nd6 25. Qg4 Nbc4 26. Nxc4 Nxc4 27. a4 Nd6 28. Qd7 Qxd7 29. Nxd7 f6 30. Nc5 Re7 31. Nd3 a6 32. b5 axb5 33. axb5 Rec7 34. bxc6 Rxc6 35. Rxc6 bxc6 36. Rb6 Ne4 37. Rb2 Kf7 38. g4 Rc7 39. f3 Nd6 40. Kf2 Re7 41. Rb3 Nc4 42. Nc5 Ra7 43. Rb7+ Rxb7 44. Nxb7 Ke7 45. Nc5 Kd6 46. Nd3 Nb6 47. Nf4 g5 48. Nh5 Ke6 49. Ng7+ 1-0

[Event "CZE-chT2b 0607"]
[Site "Czech Republic"]
[Date "2007.03.25"]
[Round "10"]
[White "Vecerka, Pavel"]
[Black "Vlasak, Lukas"]
[Result "1/2-1/2"]
[WhiteElo "2100"]
[BlackElo "1995"]
[PlyCount "92"]
[EventDate "2006.10.15"]
[EventType "team"]
[EventRounds "11"]
[EventCountry "CZE"]
[SourceTitle "EXT 2009"]
[Source "ChessBase"]
[SourceDate "2008.11.26"]
[SourceVersion "1"]
[SourceVersionDate "2008.11.26"]
[SourceQuality "1"]

1. e4 c5 2. Nc3 Nc6 3. f4 g6 4. Nf3 Bg7 5. Bc4 e6 6. 0-0 Nge7 7. Qe1 0-0 8. Bb3 d5 9. d3 Nd4 10. Nxd4 Bxd4+ 11. Kh1 b6 12. Bd2 Bb7 13. Rd1 Bg7 14. f5 exf5 15. Qh4 Kh8 16. Bh6 f6 17. Rf3 g5 18. Bxg7+ Kxg7 19. Qg3 Qb8 20. exd5 Qxg3 21. hxg3 Rad8 22. Re1 Nxd5 23. Bxd5 Bxd5 24. Rxf5 Bc6 25. Rf2 Rfe8 26. Ref1 Rd6 27. Rd2 Kg6 28. Rdf2 Re5 29. Rd1 f5 30. Rfd2 f4 31. gxf4 gxf4 32. d4 cxd4 33. Rxd4 Rxd4 34. Rxd4 f3 35. Rd6+ Kg5 36. gxf3 Bxf3+ 37. Kg1 h5 38. Rd7 b5 39. Kf2 Bg4 40. Rd4 Bf5 41. a4 bxa4 42. Rxa4 a5 43. b4 axb4 44. Rxb4 Bxc2 45. Rb5 Rxb5 46. Nxb5 Bd3 1/2-1/2

[Event "Czechia KP-chTA 0607"]
[Site "Czech Republic"]
[Date "2007.03.18"]
[Round "10.3"]
[White "Krivanek, Vladimir"]
[Black "Vecerka, Pavel"]
[Result "1-0"]
[WhiteElo "2122"]
[BlackElo "2082"]
[PlyCount "67"]
[EventDate "2006.10.29"]
[EventType "team"]
[EventRounds "11"]
[EventCountry "CZE"]
[SourceTitle "EXT 2008"]
[Source "ChessBase"]
[SourceDate "2007.11.25"]
[SourceVersion "1"]
[SourceVersionDate "2007.11.25"]
[SourceQuality "1"]
[WhiteTeam "Uholicky"]
[BlackTeam "Melnik"]
[WhiteTeamCountry "CZE"]
[BlackTeamCountry "CZE"]

1. e4 c5 2. b4 cxb4 3. Bb2 d6 4. d4 Nc6 5. Nf3 Bg4 6. d5 Nb8 7. h3 Bxf3 8. Qxf3 Nd7 9. Nd2 Ngf6 10. g4 Nc5 11. g5 Nfd7 12. Qg3 Qc7 13. f4 e6 14. dxe6 fxe6 15. g6 0-0-0 16. Be2 Na4 17. Bd4 e5 18. Bxa7 Qc3 19. Qxc3+ bxc3 20. Nc4 exf4 21. Rb1 d5 22. exd5 Re8 23. Kf2 h5 24. Rb5 Nb2 25. Nxb2 cxb2 26. Rb1 b6 27. a4 Bc5+ 28. Kf1 f3 29. Bd3 Rhf8 30. a5 Ne5 31. axb6 Nxd3 32. b7+ Kc7 33. Bxc5 Nxc5 34. Rxc5+ 1-0

[Event "CZE-chT2b 0607"]
[Site "Czech Republic"]
[Date "2007.02.25"]
[Round "8"]
[White "Vecerka, Pavel"]
[Black "Havranek, Tomas"]
[Result "1-0"]
[WhiteElo "2100"]
[BlackElo "2020"]
[PlyCount "50"]
[EventDate "2006.10.15"]
[EventType "team"]
[EventRounds "11"]
[EventCountry "CZE"]
[SourceTitle "EXT 2009"]
[Source "ChessBase"]
[SourceDate "2008.11.26"]
[SourceVersion "1"]
[SourceVersionDate "2008.11.26"]
[SourceQuality "1"]

1. e4 d6 2. d4 Nf6 3. Nc3 g6 4. Bg5 Bg7 5. Qd2 c6 6. f4 h6 7. Bh4 0-0 8. Nf3 b5 9. Bd3 b4 10. Ne2 Na6 11. 0-0 d5 12. exd5 cxd5 13. Ne5 Qd6 14. a3 Ne4 15. Qe3 bxa3 16. Rxa3 Nb4 17. Rfa1 a6 18. c4 Nxd3 19. Qxd3 Bb7 20. c5 Qc7 21. Be1 Bxe5 22. fxe5 f5 23. Nf4 Kf7 24. Qh3 Rh8 25. Rb3 Bc6 1-0

[Event "Czechia KP-chTA 0607"]
[Site "Czech Republic"]
[Date "2006.12.10"]
[Round "4.3"]
[White "Vecerka, Pavel"]
[Black "Gasek, Stanislav"]
[Result "1/2-1/2"]
[WhiteElo "2101"]
[BlackElo "1831"]
[PlyCount "26"]
[EventDate "2006.10.29"]
[EventType "team"]
[EventRounds "11"]
[EventCountry "CZE"]
[SourceTitle "EXT 2008"]
[Source "ChessBase"]
[SourceDate "2007.11.25"]
[SourceVersion "1"]
[SourceVersionDate "2007.11.25"]
[SourceQuality "1"]
[WhiteTeam "Melnik"]
[BlackTeam "Pribram II"]
[WhiteTeamCountry "CZE"]
[BlackTeamCountry "CZE"]

1. d4 d5 2. Nf3 Nf6 3. c4 e6 4. Nc3 c5 5. cxd5 exd5 6. g3 cxd4 7. Nxd4 Nc6 8. Bg2 Bb4 9. 0-0 Bxc3 10. bxc3 0-0 11. Be3 Re8 12. h3 Qa5 13. Nxc6 bxc6 1/2-1/2

[Event "CZE-chT2b 0607"]
[Site "Czech Republic"]
[Date "2006.10.15"]
[Round "1"]
[White "Kral, David"]
[Black "Vecerka, Pavel"]
[Result "1/2-1/2"]
[WhiteElo "1994"]
[BlackElo "2100"]
[PlyCount "26"]
[EventDate "2006.10.15"]
[EventType "team"]
[EventRounds "11"]
[EventCountry "CZE"]
[SourceTitle "EXT 2009"]
[Source "ChessBase"]
[SourceDate "2008.11.26"]
[SourceVersion "1"]
[SourceVersionDate "2008.11.26"]
[SourceQuality "1"]

1. e4 e6 2. Nc3 d5 3. d3 Nf6 4. Bg5 Be7 5. g3 h6 6. Bd2 dxe4 7. dxe4 e5 8. Bg2 Bg4 9. Nf3 Nbd7 10. h3 Be6 11. Qe2 c6 12. 0-0 Qc7 13. Ne1 g5 1/2-1/2

[Event "Prague Visus op"]
[Site "Prague"]
[Date "2001.??.??"]
[Round "3"]
[White "Vecerka, Pavel"]
[Black "Spurny, Ondrej"]
[Result "1-0"]
[WhiteElo "2115"]
[BlackElo "1760"]
[PlyCount "66"]
[EventDate "2001.??.??"]
[EventType "swiss"]
[EventRounds "7"]
[EventCountry "CZE"]
[SourceTitle "EXT 2003"]
[Source "ChessBase"]
[SourceDate "2002.11.25"]
[SourceVersion "1"]
[SourceVersionDate "2002.11.25"]
[SourceQuality "1"]

1. e4 c5 2. d4 cxd4 3. c3 dxc3 4. Nxc3 d6 5. Nf3 Nf6 6. Bc4 e6 7. Qe2 Be7 8. 0-0 a6 9. Rd1 Qc7 10. Bf4 e5 11. Be3 Bd7 12. Rac1 0-0 13. Bb3 Qa5 14. Bg5 Be6 15. Bxf6 Bxb3 16. Bxe7 Bxd1 17. Rxd1 Re8 18. Bxd6 Nc6 19. Rd5 b5 20. Nxe5 Nxe5 21. Bxe5 f6 22. Bxf6 gxf6 23. Rd7 Kf8 24. Qd2 Re7 25. Rxe7 Rd8 26. Rd7 Rxd7 27. Qxd7 b4 28. Nd5 Qc5 29. Qd8+ Kf7 30. Qxf6+ Ke8 31. Qh8+ Kf7 32. Qxh7+ Ke6 33. Qf5+ Kd6 1-0

[Event "CZE-chT2 9899"]
[Site "Czech Republic"]
[Date "1999.??.??"]
[Round "?"]
[White "Vecerka, Pavel"]
[Black "Petras, Milan"]
[Result "0-1"]
[WhiteElo "2110"]
[BlackElo "2200"]
[PlyCount "62"]
[EventDate "1998.??.??"]
[EventType "team"]
[EventRounds "11"]
[EventCountry "CZE"]
[SourceTitle "EXT 2000"]
[Source "ChessBase"]
[SourceDate "1999.11.16"]
[SourceVersion "1"]
[SourceVersionDate "1999.11.16"]
[SourceQuality "1"]

1. Nf3 Nf6 2. c4 g6 3. g3 Bg7 4. Bg2 0-0 5. 0-0 c5 6. Nc3 Nc6 7. d4 cxd4 8. Nxd4 Ng4 9. Nxc6 dxc6 10. Qb3 Qc7 11. Ne4 Nf6 12. Ng5 h6 13. Nf3 e5 14. Be3 Be6 15. Qa4 c5 16. Rac1 Ng4 17. Bd2 e4 18. Bf4 Qe7 19. Ne1 f5 20. h3 Ne5 21. Bd2 Nc6 22. Bc3 Nd4 23. Bxd4 cxd4 24. b4 f4 25. Bxe4 fxg3 26. Nf3 Bxh3 27. Qc2 Bxf1 28. Rxf1 Rae8 29. Bd3 gxf2+ 30. Kg2 g5 31. Rh1 g4 0-1

[Event "Passau op 6th"]
[Site "Passau"]
[Date "1998.04.12"]
[Round "5"]
[White "Vecerka, Pavel"]
[Black "Scheidt, Karlheinz"]
[Result "0-1"]
[WhiteElo "2110"]
[BlackElo "1965"]
[PlyCount "62"]
[EventDate "1998.04.10"]
[EventType "swiss"]
[EventRounds "7"]
[EventCountry "GER"]
[SourceTitle "EXT 1999"]
[Source "ChessBase"]
[SourceDate "1998.11.16"]
[SourceVersion "1"]
[SourceVersionDate "1998.11.16"]
[SourceQuality "1"]

1. d4 g6 2. e4 Bg7 3. Nf3 c6 4. c4 d5 5. Nc3 dxe4 6. Nxe4 Bg4 7. Be3 Nd7 8. Be2 Nh6 9. 0-0 Bxf3 10. Bxf3 Nf5 11. Re1 0-0 12. Ng3 Nxe3 13. Rxe3 Nb6 14. Qe2 e6 15. Rd1 Qc7 16. Qc2 Rad8 17. Ne2 e5 18. Red3 Rfe8 19. dxe5 Rxd3 20. Rxd3 Nd7 21. e6 Rxe6 22. Bg4 f5 23. Bf3 Ne5 24. Rb3 Qa5 25. Nc3 Nxc4 26. Be2 b5 27. Bxc4 bxc4 28. Rb8+ Bf8 29. Qd2 Qe5 30. Rxf8+ Kxf8 31. Kf1 Qxh2 0-1

[Event "Passau op 6th"]
[Site "Passau"]
[Date "1998.04.11"]
[Round "4"]
[White "Mueller, Christian"]
[Black "Vecerka, Pavel"]
[Result "1/2-1/2"]
[WhiteElo "2003"]
[BlackElo "2110"]
[PlyCount "35"]
[EventDate "1998.04.10"]
[EventType "swiss"]
[EventRounds "7"]
[EventCountry "GER"]
[SourceTitle "EXT 1999"]
[Source "ChessBase"]
[SourceDate "1998.11.16"]
[SourceVersion "1"]
[SourceVersionDate "1998.11.16"]
[SourceQuality "1"]

1. e4 c5 2. Nc3 Nc6 3. g3 e6 4. Bg2 Nf6 5. Nge2 Be7 6. d4 cxd4 7. Nxd4 Qb6 8. Nb3 d6 9. 0-0 0-0 10. Be3 Qc7 11. Qe2 Bd7 12. Rad1 Ne5 13. Nd4 a6 14. g4 Nc4 15. Bc1 Rac8 16. b3 Na5 17. Bb2 Nc6 18. Kh1 1/2-1/2

[Event "Passau op 6th"]
[Site "Passau"]
[Date "1998.04.11"]
[Round "3"]
[White "Vecerka, Pavel"]
[Black "Brenneis, Gerhard"]
[Result "1/2-1/2"]
[WhiteElo "2110"]
[BlackElo "1862"]
[PlyCount "36"]
[EventDate "1998.04.10"]
[EventType "swiss"]
[EventRounds "7"]
[EventCountry "GER"]
[SourceTitle "EXT 1999"]
[Source "ChessBase"]
[SourceDate "1998.11.16"]
[SourceVersion "1"]
[SourceVersionDate "1998.11.16"]
[SourceQuality "1"]

1. e4 c5 2. c3 d5 3. exd5 Qxd5 4. d4 e5 5. Be3 cxd4 6. cxd4 Bb4+ 7. Nc3 Nc6 8. Nf3 exd4 9. Nxd4 Bxc3+ 10. bxc3 Nge7 11. Nb5 0-0 12. Nc7 Qxd1+ 13. Rxd1 Rb8 14. Be2 Bf5 15. 0-0 Rbc8 16. Nb5 Be6 17. Nd6 Rc7 18. Nb5 Rcc8 1/2-1/2

[Event "CZE-chT2 9899"]
[Site "Czech Republic"]
[Date "1998.??.??"]
[Round "?"]
[White "Vecerka, Pavel"]
[Black "Kourek, Josef"]
[Result "1/2-1/2"]
[WhiteElo "2110"]
[BlackElo "2290"]
[PlyCount "40"]
[EventDate "1998.??.??"]
[EventType "team"]
[EventRounds "11"]
[EventCountry "CZE"]
[SourceTitle "EXT 2000"]
[Source "ChessBase"]
[SourceDate "1999.11.16"]
[SourceVersion "1"]
[SourceVersionDate "1999.11.16"]
[SourceQuality "1"]

1. e4 c5 2. Nc3 Nc6 3. f4 g6 4. Nf3 Bg7 5. Bc4 e6 6. d3 d6 7. 0-0 Nge7 8. Qe1 Nd4 9. Nxd4 cxd4 10. Ne2 0-0 11. f5 exf5 12. Qh4 d5 13. exd5 Nxd5 14. Bg5 Qd6 15. Bxd5 Qxd5 16. Bf6 Bxf6 17. Qxf6 Qe6 18. Qxe6 fxe6 19. Nxd4 e5 20. Nf3 e4 1/2-1/2

[Event "Tatry op"]
[Site "Tatranska Lomnica"]
[Date "1997.??.??"]
[Round "6"]
[White "Odler, Daniel"]
[Black "Vecerka, Pavel"]
[Result "1/2-1/2"]
[WhiteElo "2190"]
[BlackElo "2090"]
[PlyCount "39"]
[EventDate "1997.10.18"]
[EventType "swiss"]
[EventRounds "9"]
[EventCountry "SVK"]
[SourceTitle "EXT 1999"]
[Source "ChessBase"]
[SourceDate "1998.11.16"]
[SourceVersion "1"]
[SourceVersionDate "1998.11.16"]
[SourceQuality "1"]

1. e4 c5 2. Nf3 Nc6 3. d4 cxd4 4. Nxd4 e5 5. Nb5 d6 6. N1c3 a6 7. Na3 b5 8. Nd5 Nce7 9. Nxe7 Bxe7 10. c4 b4 11. Nc2 a5 12. Ne3 Nf6 13. Bd3 0-0 14. 0-0 Be6 15. Qf3 g6 16. Rd1 Rc8 17. b3 Ne8 18. a3 bxa3 19. Bxa3 Ng7 20. Bc2 1/2-1/2

[Event "Pula op 11th"]
[Site "Pula"]
[Date "1997.??.??"]
[Round "1"]
[White "Vecerka, Pavel"]
[Black "Kacheishvili, Giorgi"]
[Result "0-1"]
[WhiteElo "2095"]
[BlackElo "2505"]
[PlyCount "56"]
[EventDate "1997.05.??"]
[EventType "swiss"]
[EventRounds "9"]
[EventCountry "CRO"]
[SourceTitle "EXT 2000"]
[Source "ChessBase"]
[SourceDate "1999.11.16"]
[SourceVersion "1"]
[SourceVersionDate "1999.11.16"]
[SourceQuality "1"]

1. d4 Nf6 2. c4 e6 3. Nf3 d5 4. g3 Bb4+ 5. Bd2 Be7 6. Bg2 0-0 7. b3 c6 8. Bc3 a5 9. 0-0 Nbd7 10. Nbd2 b5 11. Qc2 Ba6 12. Rfe1 c5 13. cxb5 Bxb5 14. Rad1 Qb6 15. h3 Rfc8 16. Qb1 Rab8 17. e4 cxd4 18. Bxd4 Bc5 19. Bxc5 Nxc5 20. Ne5 dxe4 21. Nxe4 Ncxe4 22. Bxe4 Rc3 23. Kg2 Nxe4 24. Rxe4 f6 25. Rh4 h6 26. Rxh6 Bc6+ 27. Nxc6 Qxc6+ 28. Kh2 Rc2 0-1

[Event "Pula op 11th"]
[Site "Pula"]
[Date "1997.??.??"]
[Round "7"]
[White "Vecerka, Pavel"]
[Black "Rosandic, Denis"]
[Result "1/2-1/2"]
[WhiteElo "2095"]
[BlackElo "2280"]
[PlyCount "84"]
[EventDate "1997.05.??"]
[EventType "swiss"]
[EventRounds "9"]
[EventCountry "CRO"]
[SourceTitle "EXT 2000"]
[Source "ChessBase"]
[SourceDate "1999.11.16"]
[SourceVersion "1"]
[SourceVersionDate "1999.11.16"]
[SourceQuality "1"]

1. d4 d5 2. Nf3 Nf6 3. c4 e6 4. g3 dxc4 5. Qc2 a6 6. a4 Be7 7. Bg2 Nc6 8. Qxc4 Nb4 9. 0-0 0-0 10. Nc3 b5 11. Qb3 bxa4 12. Nxa4 Rb8 13. Nc5 Bxc5 14. dxc5 Bb7 15. Qxb4 Bxf3 16. Qc4 Bxg2 17. Kxg2 Ra8 18. e4 Ng4 19. Bf4 e5 20. Bc1 Qc8 21. h3 Nf6 22. Bg5 Nd7 23. Rfd1 h6 24. Be3 Nf6 25. c6 Re8 26. Ra5 Rb8 27. b4 Qe6 28. Rc1 Ra8 29. Qxe6 fxe6 30. Rc4 Reb8 31. Rxe5 Kf7 32. Ra5 Rb5 33. Ra4 Ne8 34. Bc5 Nf6 35. Kf3 Ng8 36. Rc2 Ne7 37. Be3 e5 38. Rc4 Ke6 39. Ra2 a5 40. Bd2 a4 41. Be3 Ra6 42. Ke2 Nxc6 1/2-1/2